| 000 | 00573nam a2200205 a 4500 | ||
|---|---|---|---|
| 005 | 20240925070150.0 | ||
| 008 | 991125s1971 mx 000 0 spa u | ||
| 035 | _aUPN01000005890 | ||
| 049 | _aCG | ||
| 050 | 4 |
_aE185.615 _bM3.28 |
|
| 100 | 1 | _aMarine, Gene | |
| 245 | 1 | 4 |
_aLos black panthers / _cpor Gene Marine ; tr. Ofelia Castillo. |
| 260 |
_aMéxico : _bSiglo XXI, _c1971. |
||
| 300 | _a265 p. | ||
| 440 | 3 | _aLa historia inmediata | |
| 650 | 4 |
_aAfrodescendientes _916206 |
|
| 650 | 4 |
_aNEGROS - _xDERECHOS CIVILES |
|
| 650 | 4 |
_aNEGROS - _xSEGREGACION |
|
| 905 | _aLibro | ||
| 999 |
_c5890 _d5890 |
||